| 000 | 00635nam a2200169 i 4500 | ||
|---|---|---|---|
| 001 | 102149 | ||
| 003 | ES-MaACL | ||
| 005 | 20230906183042.0 | ||
| 007 | t| | ||
| 008 | 051104s1910 sp ||||1| spa d | ||
| 110 | 2 |
_aConsejo Provincial de Agricultura y Ganadería (Barcelona) _93226 |
|
| 245 | 1 | 0 | _aMemoria resumen de los trabajos y servicios realizados por el Consejo Provincial de Agricultura y Ganaderia de Barcelona desde su constitución hasta el 31 de diciembre de 1909. |
| 260 |
_aVillanueva y Geltrú : _b[s.n.], _c1910 ( _fOliva) |
||
| 300 |
_a290 p. ; _c25 cm. |
||
| 852 |
_aES-MaACL _jF-4785 |
||
| 852 |
_aES-MaACL _jF-1729 |
||
| 999 |
_c102149 _d102149 |
||